Harry Potter Challenges - Statistics

General Stats
  • This quiz has been taken 11 times
  • The average score is 7 of 13
Answer Stats
Hint Answer % Correct
1992/1993 Gilderoy Lockhart
100%
1993/1994 Remus Lupin
100%
1995/1996 Dolores Umbridge
89%
1991/1992 Quirinus Quirrel
89%
1996/1997 Severus Snape
89%
1994/1995 Alastor 'Mad-Eye' Moody
78%
1997/1998 Amycus Carrow
78%
at least 1910s - 1927 Albus Dumbledore
44%
? - 1945 Galatea Merrythought
33%
at least 1890/1891 Dinah Hecat
0%
15th century Isidore Morganach
0%
1990/1991 Olivia Green
0%
1988/1989 Patricia Rakepick
0%
No matching quizzes found
Score Distribution
Percent of People with Each Score
Percentile by Number Answered
Your Score History
You have not taken this quiz